| 000 | 00760nam a2200205Ia 4500 | ||
|---|---|---|---|
| 999 |
_c37614 _d37614 |
||
| 001 | 3586 | ||
| 003 | GE_BSU | ||
| 005 | 20190627150336.0 | ||
| 008 | 181216s2011||||ge |||||||||||||| ||geo|| | ||
| 040 | _cGE_BSU | ||
| 041 | _ageo | ||
| 080 | _a336.7(479.22) ს–32 | ||
| 245 |
_aსაქართველოს ეროვნული ბანკი / _bძირითადი მიმართულებები და ფუნქციები. |
||
| 250 | _aპირველი გამოცემა | ||
| 264 |
_aთბილისი, _c2008. |
||
| 300 |
_a43 გვ. ; _b29 სმ. |
||
| 653 | _aსაქართველოს ეროვნული ბანკი. | ||
| 653 | _aეკონომიკა | ||
| 942 |
_cBK _2udc |
||